[Event "Mecklenburg VP LL2 Ost 1718"]
[Site "Mecklenburg VP"]
[Date "2018.04.08"]
[Round "8.4"]
[White "Haenjes, Frank"]
[Black "Schumann, Lutz"]
[Result "0-1"]
[WhiteElo "1887"]
[BlackElo "1748"]
[PlyCount "95"]
[EventDate "2017.10.08"]
[EventType "team-tourn"]
[EventRounds "9"]
[EventCountry "GER"]
[SourceTitle "EXT 2022"]
[Source "ChessBase"]
[SourceDate "2021.10.06"]
[SourceVersion "1"]
[SourceVersionDate "2021.10.06"]
[SourceQuality "1"]
[WhiteTeam "Wolgast Motor"]
[BlackTeam "Graal Mueritz"]
[WhiteTeamCountry "GER"]
[BlackTeamCountry "GER"]

1. Nf3 Nf6 2. c4 d6 3. d4 g6 4. Nc3 Bg7 5. g3 0-0 6. Bg2 c6 7. 0-0 Na6 8. Re1 Bg4 9. h3 Be6 10. b3 Nc7 11. Bb2 Rb8 12. a4 d5 13. Ng5 Bf5 14. g4 Bc8 15. Qd3 h6 16. Nf3 Ne6 17. e3 Kh7 18. Ne5 dxc4 19. Qxc4 Nd7 20. f4 Nb6 21. Qe2 Nc7 22. Rad1 Nbd5 23. Rf1 Be6 24. Ne4 f6 25. Nxg6 Kxg6 26. f5+ Kh7 27. fxe6 Nxe6 28. Ng3 Qc7 29. Nh5 Rg8 30. Qc2+ Kh8 31. Bxd5 cxd5 32. Qf5 Ng5 33. Nf4 Nxh3+ 34. Kg2 Nxf4+ 35. exf4 e6 36. Qd3 Bf8 37. Kf3 Bd6 38. Bc1 Qg7 39. Rg1 e5 40. dxe5 fxe5 41. Qxd5 Rbd8 42. Rd2 Bc7 43. Qxb7 Rxd2 44. Bxd2 exf4 45. Qc6 Be5 46. Ke4 Rd8 47. Qe6 Rd4+ 48. Kf5 0-1

[Event "Mecklenburg VP LL2 Ost 1718"]
[Site "Mecklenburg VP"]
[Date "2018.02.25"]
[Round "6.6"]
[White "Kalettka, Joachim"]
[Black "Schumann, Lutz"]
[Result "0-1"]
[WhiteElo "1268"]
[BlackElo "1748"]
[PlyCount "46"]
[EventDate "2017.10.08"]
[EventType "team-tourn"]
[EventRounds "9"]
[EventCountry "GER"]
[SourceTitle "EXT 2022"]
[Source "ChessBase"]
[SourceDate "2021.10.06"]
[SourceVersion "1"]
[SourceVersionDate "2021.10.06"]
[SourceQuality "1"]
[WhiteTeam "Guestrow/Teterow II"]
[BlackTeam "Graal Mueritz"]
[WhiteTeamCountry "GER"]
[BlackTeamCountry "GER"]

1. d4 Nf6 2. c4 g6 3. Nc3 Bg7 4. e4 d6 5. Be3 Ng4 6. Nf3 Nxe3 7. fxe3 Nc6 8. Be2 0-0 9. a3 Bh6 10. Qd3 e5 11. d5 Nb8 12. b4 a5 13. 0-0 Nd7 14. Rfb1 b6 15. Nb5 Nf6 16. h3 Bd7 17. Nc3 Qe7 18. b5 Ne8 19. g4 f5 20. exf5 gxf5 21. gxf5 Bxf5 22. e4 Bxh3 23. Kf2 Qh4+ 0-1

[Event "Mecklenburg VP LL2 Ost 1718"]
[Site "Mecklenburg VP"]
[Date "2017.10.08"]
[Round "1.5"]
[White "Schumann, Lutz"]
[Black "Sparr, Andreas"]
[Result "0-1"]
[WhiteElo "1748"]
[BlackElo "1595"]
[PlyCount "74"]
[EventDate "2017.10.08"]
[EventType "team-tourn"]
[EventRounds "9"]
[EventCountry "GER"]
[SourceTitle "EXT 2022"]
[Source "ChessBase"]
[SourceDate "2021.10.06"]
[SourceVersion "1"]
[SourceVersionDate "2021.10.06"]
[SourceQuality "1"]
[WhiteTeam "Graal Mueritz"]
[BlackTeam "Stralsund FHSG II"]
[WhiteTeamCountry "GER"]
[BlackTeamCountry "GER"]

1. c4 e6 2. Nf3 Nf6 3. g3 c6 4. Bg2 d5 5. 0-0 dxc4 6. Nc3 Nbd7 7. a4 Be7 8. Qc2 h6 9. Ne4 0-0 10. Qxc4 Nb6 11. Nxf6+ Bxf6 12. Qc2 Qc7 13. e4 e5 14. a5 Nd7 15. b4 a6 16. Bb2 Re8 17. Rad1 Nf8 18. d4 exd4 19. Nxd4 Bg4 20. f3 Bxd4+ 21. Bxd4 Be6 22. Qc3 f6 23. Bb6 Qc8 24. Rfe1 Bh3 25. Rd6 Bxg2 26. Kxg2 Nd7 27. Qc4+ Kh8 28. Red1 Nxb6 29. axb6 Rf8 30. Rd7 a5 31. Rc7 Qe8 32. Rdd7 Rg8 33. bxa5 Rxa5 34. Rxb7 Rb5 35. Qd4 Qa8 36. Ra7 c5 37. Qxf6 Qxa7 0-1

[Event "Mecklenburg VP LL2 Ost 1617"]
[Site "Mecklenburg VP"]
[Date "2016.10.16"]
[Round "1.5"]
[White "Buenz, Heinrich"]
[Black "Schumann, Lutz"]
[Result "0-1"]
[WhiteElo "1638"]
[BlackElo "1764"]
[PlyCount "80"]
[EventDate "2016.10.16"]
[EventType "team-tourn"]
[EventRounds "9"]
[EventCountry "GER"]
[SourceTitle "EXT 2022"]
[Source "ChessBase"]
[SourceDate "2021.10.06"]
[SourceVersion "1"]
[SourceVersionDate "2021.10.06"]
[SourceQuality "1"]
[WhiteTeam "Neubrandenburg SG Eintracht II"]
[BlackTeam "Graal Mueritz"]
[WhiteTeamCountry "GER"]
[BlackTeamCountry "GER"]

1. Nf3 Nf6 2. c4 g6 3. b3 Bg7 4. Bb2 0-0 5. g3 d6 6. Bg2 e5 7. 0-0 Nc6 8. d3 Bg4 9. Nbd2 Qd7 10. Rc1 Rae8 11. Ng5 h6 12. Nge4 Nh7 13. h4 Bh3 14. Kh2 Bxg2 15. Kxg2 f5 16. Nc3 Nf6 17. e3 Nb4 18. Qe2 f4 19. a3 Nc6 20. Nce4 Nxe4 21. Nxe4 f3+ 22. Qxf3 Rxf3 23. Kxf3 Qf5+ 24. Ke2 Rf8 25. f3 Ne7 26. Rf2 Qe6 27. b4 c6 28. Rc2 b6 29. Bc1 d5 30. Nd2 Qh3 31. Nf1 Nf5 32. cxd5 cxd5 33. Rc7 Nxg3+ 34. Nxg3 Qxg3 35. Rxa7 e4 36. dxe4 dxe4 37. f4 Qg4+ 38. Kd2 Rd8+ 39. Kc2 Qd1+ 40. Kb1 Qb3+ 0-1

[Event "Mecklenburg VP LL2 Ost 1415"]
[Site "Mecklenburg VP"]
[Date "2014.12.07"]
[Round "4.4"]
[White "Schumann, Lutz"]
[Black "Schmidt, Paul1111"]
[Result "1/2-1/2"]
[WhiteElo "1735"]
[BlackElo "1451"]
[PlyCount "85"]
[EventDate "2014.09.21"]
[EventType "team-tourn"]
[EventRounds "9"]
[EventCountry "GER"]
[SourceTitle "EXT 2022"]
[Source "ChessBase"]
[SourceDate "2021.10.06"]
[SourceVersion "1"]
[SourceVersionDate "2021.10.06"]
[SourceQuality "1"]
[WhiteTeam "Graal Mueritz"]
[BlackTeam "Torgelow Droegeheide II"]
[WhiteTeamCountry "GER"]
[BlackTeamCountry "GER"]

1. c4 e6 2. g3 Nf6 3. Bg2 d5 4. Nf3 Be7 5. 0-0 0-0 6. d3 Nbd7 7. Qc2 h6 8. b3 c5 9. cxd5 exd5 10. d4 b6 11. Nc3 Bb7 12. Qf5 Rc8 13. Bd2 Re8 14. Rac1 cxd4 15. Nxd4 Ba3 16. Rcd1 Re5 17. Qb1 Bb4 18. Rc1 Ba3 19. Rc2 Bc5 20. e3 Ba6 21. Ndb5 Bb4 22. a4 Nc5 23. Rd1 Qe7 24. Be1 Rd8 25. Rd4 Bxc3 26. Bxc3 Nfe4 27. Bb4 Rc8 28. Ba3 Rd8 29. Qd1 Bxb5 30. axb5 Qb7 31. b4 Ne6 32. Bxe4 Rxe4 33. Rxe4 dxe4 34. Rd2 Rxd2 35. Qxd2 Qc7 36. Bb2 Ng5 37. Kg2 Nf3 38. Qd5 Qe7 39. Bc3 Kh7 40. Qf5+ g6 41. Qc8 f6 42. Qc6 Kg7 43. Qd5 1/2-1/2

[Event "GER Seniors Derby 13th"]
[Site "Wesel Undeloh"]
[Date "2014.05.09"]
[Round "5"]
[White "Schumann, Lutz"]
[Black "Ohst, Edgar"]
[Result "1/2-1/2"]
[WhiteElo "1838"]
[BlackElo "1640"]
[PlyCount "57"]
[EventDate "2014.05.07"]
[EventType "swiss"]
[EventRounds "9"]
[EventCountry "GER"]
[SourceTitle "EXT 2018"]
[Source "ChessBase"]
[SourceDate "2017.10.13"]
[SourceVersion "1"]
[SourceVersionDate "2017.10.13"]
[SourceQuality "1"]

1. c4 c5 2. Nc3 Nc6 3. g3 g6 4. Bg2 Bg7 5. Nf3 Nf6 6. 0-0 0-0 7. e3 e6 8. d4 cxd4 9. exd4 b6 10. Bf4 d5 11. Ne5 Bb7 12. Rc1 Nh5 13. cxd5 Nxe5 14. dxe5 Nxf4 15. gxf4 Qh4 16. Qa4 Bh6 17. Qd7 Bxf4 18. h3 Ba6 19. dxe6 Rad8 20. exf7+ Rxf7 21. Qa4 Bxf1 22. Rxf1 Kg7 23. e6 Re7 24. Qe4 Bg5 25. f4 Bf6 26. Nd5 Rxd5 27. Qxd5 Bxb2 28. Qb3 Qf6 29. Bd5 1/2-1/2

[Event "Mecklenburg VP LL2 Ost 1314"]
[Site "Mecklenburg VP"]
[Date "2013.11.24"]
[Round "3.2"]
[White "Bohl, Stefan"]
[Black "Schumann, Lutz"]
[Result "1-0"]
[WhiteElo "1961"]
[BlackElo "1838"]
[PlyCount "51"]
[EventDate "2013.10.27"]
[EventType "team-tourn"]
[EventRounds "9"]
[EventCountry "GER"]
[SourceTitle "EXT 2022"]
[Source "ChessBase"]
[SourceDate "2021.10.06"]
[SourceVersion "1"]
[SourceVersionDate "2021.10.06"]
[SourceQuality "1"]
[WhiteTeam "Bergen Rugia"]
[BlackTeam "Graal Mueritz"]
[WhiteTeamCountry "GER"]
[BlackTeamCountry "GER"]

1. d4 Nf6 2. Nf3 d6 3. e3 g6 4. Be2 Bg7 5. b3 0-0 6. Bb2 b6 7. Nbd2 Bb7 8. 0-0 Nbd7 9. c4 e6 10. Qc2 Qe7 11. Rac1 c5 12. Rfd1 Rac8 13. dxc5 Nxc5 14. b4 Nce4 15. Nxe4 Bxe4 16. Bxf6 Bxc2 17. Bxe7 Bxd1 18. Rxd1 Rfe8 19. Bxd6 Red8 20. c5 bxc5 21. bxc5 Bf8 22. g3 Bxd6 23. cxd6 Rc2 24. Bb5 Rxa2 25. Ne5 Kg7 26. d7 1-0

[Event "Mecklenburg VP LL2 Ost 1112"]
[Site "Mecklenburg VP"]
[Date "2011.12.11"]
[Round "4.1"]
[White "Schumann, Lutz"]
[Black "Mueller, Michael"]
[Result "1/2-1/2"]
[WhiteElo "1922"]
[BlackElo "1801"]
[PlyCount "42"]
[EventDate "2011.10.02"]
[EventType "team-tourn"]
[EventRounds "9"]
[EventCountry "GER"]
[SourceTitle "EXT 2022"]
[Source "ChessBase"]
[SourceDate "2021.10.06"]
[SourceVersion "1"]
[SourceVersionDate "2021.10.06"]
[SourceQuality "1"]
[WhiteTeam "Graal Mueritz"]
[BlackTeam "Rostock SSC 07 III"]
[WhiteTeamCountry "GER"]
[BlackTeamCountry "GER"]

1. c4 e6 2. Nc3 Nf6 3. g3 d5 4. cxd5 exd5 5. Bg2 c6 6. d3 Bc5 7. Nf3 0-0 8. 0-0 Bf5 9. Qc2 Na6 10. a3 Re8 11. b4 Bb6 12. Na4 Nc7 13. Nxb6 axb6 14. Bb2 b5 15. Rae1 Nd7 16. Qc3 f6 17. Nh4 Be6 18. f4 Nb6 19. Qd4 Na4 20. Bc1 Bg4 21. Bf3 Bxf3 1/2-1/2

[Event "Mecklenburg VP LL2 Ost 1112"]
[Site "Mecklenburg VP"]
[Date "2011.11.20"]
[Round "3.1"]
[White "Van Bentum, Horst"]
[Black "Schumann, Lutz"]
[Result "1/2-1/2"]
[WhiteElo "2030"]
[BlackElo "1922"]
[PlyCount "37"]
[EventDate "2011.10.02"]
[EventType "team-tourn"]
[EventRounds "9"]
[EventCountry "GER"]
[SourceTitle "EXT 2022"]
[Source "ChessBase"]
[SourceDate "2021.10.06"]
[SourceVersion "1"]
[SourceVersionDate "2021.10.06"]
[SourceQuality "1"]
[WhiteTeam "Rostock HSG Uni"]
[BlackTeam "Graal Mueritz"]
[WhiteTeamCountry "GER"]
[BlackTeamCountry "GER"]

1. e4 g6 2. d4 d6 3. Nc3 Bg7 4. Be2 c6 5. Nf3 Nf6 6. 0-0 0-0 7. Bf4 Qa5 8. Qd2 Re8 9. e5 dxe5 10. Nxe5 Be6 11. a3 Nbd7 12. Rfd1 Nxe5 13. Bxe5 Qd8 14. h4 Qd7 15. Qf4 h5 16. Bf3 Bd5 17. Nxd5 cxd5 18. c3 Kh7 19. Qg5 1/2-1/2